Score 0/80 Timer 13:00
0 Plays Today
% Correct
Michael
87.1%
Alvin
86.7%
Michelangelo
86.2%
Donatello
85.5%
Gandalf
84.9%
Frodo
84.6%
Leonardo
84.5%
Abraham
84.1%
Raphael
83.2%
Abel
82.8%
George
81.7%
Cain
81.4%
Theodore
80.9%
Aragorn
79.8%
Kenny
79.6%
Theodore
78.9%
Jermaine
78.4%
Groucho
78.4%
Legolas
76.5%
Curly
76.4%
Moe
74.8%
Boromir
74.2%
Harpo
74.2%
Kyle
74.2%
Thomas
73.6%
Gimli
73.4%
Simon
73.4%
Larry
71.9%
Danny
71.1%
Eric
70.1%
Zeppo
70.1%
Tito
69.9%
Danny
69.7%
Chico
68.8%
Parthenopeus
68.5%
Pippin
67.9%
Amphiaraus
67.3%
Stan
67.3%
Bobby
66.5%
Gummo
65.7%
% Correct
Greg
64.3%
Polynices
63.7%
Capaneus
63.7%
Sam
63.4%
Hippomedon
63%
Frank
63%
Peter
61.1%
Curly Joe
59.8%
Donnie
59.3%
Merry
58.9%
Rusty
56.3%
Marlon
55%
Saul
53.8%
Jordan
53.6%
Jack
52.4%
Joe
51.8%
Eteoclus
51.8%
Jackie
51.5%
Tydeus
50.9%
Seth
50.7%
Blynken
50.4%
Stan
50.1%
Reuben
50%
Randy
49.9%
Gus
49.7%
Shemp
49.3%
Winken
48.1%
Roy
46.2%
Lee
45.4%
Nod
45.2%
Deimos
45%
Linus
44.5%
Jonathan
44.2%
Phobos
44.2%
Virgil
39.2%
Basher
38%
Joe
37.2%
Turk
32.7%
Yen
31.5%
Livingston
30.6%
Remove Ads.
Support Sporcle.
Get the best of Sporcle when you Go Orange. This ad-free experience offers more features, more stats, and more fun while also helping to support Sporcle. Thank you for becoming a member.

You're not logged in!

Compare scores with friends on all Sporcle quizzes.
OR
Log In

Show Comments

Extras

Top Quizzes Today


Score Distribution

Your Account Isn't Verified!

In order to create a playlist on Sporcle, you need to verify the email address you used during registration. Go to your Sporcle Settings to finish the process.

Report this User

Report this user for behavior that violates our Community Guidelines.

Details: